000 01284nam2a22002291 4500
001 rc\57541
005 20250620200205.0
035 _a(NLR Aleph) 005399739
090 _a7263127
_c7263127
100 _a20021216d1993 |||y0rusy50 ca
101 0 _arus
102 _aRU
105 _ay |||||||||
200 0 _a... за 1989 г.
_e[В 2 ч.]
_fКом. по пат. и товар. знакам М-ва науки, высш. шк. и техн. политики Рос. Федерации (Роспатент), Науч.-произв. об-ние "Поиск"
_hЧ. 1
_iA - L
210 _cНПО "Поиск"
_d1993
_aБ. м.
215 _a[2], 196 с.
461 0 _1001rc\57538
_12001#$aИМЕННОЙ указатель заявителей Великобритании...$fГос. ком. по изобрет. и открытиям при ГКНТ СССР. ВНИИ пат. информ.$v... за 1989 г.
_97869740
_cМ.
_d1991
_fГос. ком. по изобрет. и открытиям при ГКНТ СССР. ВНИИ пат. информ.
_nВНИИПИ
_tИМЕННОЙ указатель заявителей Великобритании...
_v... за 1989 г.
801 0 _aRU
_bNLR
_gpsbo
801 1 _aRU
_bELAR
_2rusmarc
852 _aNLR
_bПт
_j10.22/207
942 _cBOOK
980 _aNB